Efektívne hnojenie trávnych porastov fosforom a draslíkom

Bibliographic Details
Main Author: Lackovič, Anton, 1931-1992 (Author)
Format: Article
Language:Slovak
Subjects:

MARC

LEADER 00000nab a2200000 a 4500
001 vtls000001564
003 SK-MaSNL
005 20260303232158.0
008 111103c1978 xo 0 slo
015 |a SNBRB19rr/mm-uuuuu 
035 |a CL0011656 
040 |a SNKBUCL  |b slo  |c SNKBUCL  |e AACR2 
041 0 |a slo 
044 |a xo  |c SK 
080 |a 633.2/.3  |2 1981 
080 |a 631.8  |2 1981 
100 1 |a Lackovič, Anton,  |d 1931-1992  |4 aut  |9 259267 
245 1 0 |a Efektívne hnojenie trávnych porastov fosforom a draslíkom  |c Anton Lackovič 
300 |b Obr. 2. Tb. 2. 
650 0 7 |a tráva  |2 snkbucl  |9 922224 
655 7 |a články z novín a časopisov  |2 snkbucl  |9 267496 
773 0 |t Úroda  |g Roč. 26, č. 2 (1978), s. 78-79 
850 |a Slovenská národná knižnica v Martine  |a MTA001 
852 |a SNK  |b KIS3GCP 
958 |a RK 
992 |a RBX 
999 |c 2270521  |d 2272451